000
00209nam a22000857a 4500
008
170112b xxu||||| |||| 00| 0 eng d
100
_9
2368
_a
Pal.Y.etal.
245
_a
See Biology-IX
260
_a
New Delhi
_b
Arya
_c
2010
999
_c
5346
_d
5346